[Event "Saint John op-1"]
[Site "Saint John CAN"]
[Date "1988.??.??"]
[Round "?"]
[White "Dlugy, Maxim"]
[Black "Dizdar, Goran"]
[Result "1/2-1/2"]
[WhiteElo "2550"]
[BlackElo "2490"]
[PlyCount "31"]
[GameId "2160767912587105"]
[EventDate "1988.01.24"]
[EventType "swiss"]
[EventRounds "9"]
[EventCountry "CAN"]
[SourceTitle "CBM 06"]

1. d4 e6 2. c4 d5 3. Nc3 Bb4 4. Nf3 Nf6 5. Bg5 h6 6. Bxf6 Qxf6 7. Qb3 c5 8. e3 O-O 9. cxd5 exd5 10. a3 Bxc3+ 11. Qxc3 b6 12. dxc5 Qxc3+ 13. bxc3 bxc5 14. c4 Be6 15. Rc1 Rc8 16. cxd5 1/2-1/2

[Event "Saint John op-1"]
[Site "Saint John CAN"]
[Date "1988.??.??"]
[Round "?"]
[White "Dlugy, Maxim"]
[Black "Ermenkov, Evgenij"]
[Result "1/2-1/2"]
[WhiteElo "2550"]
[BlackElo "2480"]
[PlyCount "29"]
[GameId "2160767912587106"]
[EventDate "1988.01.24"]
[EventType "swiss"]
[EventRounds "9"]
[EventCountry "CAN"]
[SourceTitle "CBM 06"]

1. d4 d6 2. e4 Nf6 3. f3 d5 4. exd5 Nxd5 5. c4 Nf6 6. Nc3 Bf5 7. Be3 e6 8. Bd3 Bxd3 9. Qxd3 Nbd7 10. Nge2 c6 11. Rd1 Qa5 12. O-O Rd8 13. Qd2 Be7 14. b3 Qa6 15. Qc2 1/2-1/2

[Event "Saint John op-1"]
[Site "Saint John CAN"]
[Date "1988.??.??"]
[Round "?"]
[White "Dlugy, Maxim"]
[Black "Toshkov, Tihomir"]
[Result "1/2-1/2"]
[WhiteElo "2550"]
[BlackElo "2395"]
[PlyCount "117"]
[GameId "2160767912587108"]
[EventDate "1988.01.24"]
[EventType "swiss"]
[EventRounds "9"]
[EventCountry "CAN"]
[SourceTitle "CBM 06"]

1. d4 e6 2. c4 Bb4+ 3. Bd2 Qe7 4. Nf3 Nc6 5. g3 Nf6 6. Bg2 Bxd2+ 7. Nbxd2 O-O 8. O-O Rb8 9. e4 d5 10. Qe2 Rd8 11. Rfd1 dxc4 12. Nxc4 Bd7 13. Rac1 Be8 14. Qe3 Qb4 15. a3 Qe7 16. b4 a5 17. bxa5 Ra8 18. Qe1 Ra7 19. Rb1 Rda8 20. a6 Rxa6 21. Rxb7 Na7 22. Rdb1 Qd8 23. R7b3 Nc6 24. Qe3 Ra4 25. Bf1 h5 26. h3 Ne7 27. Nfe5 Nh7 28. Rc3 f5 29. f3 Nf6 30. Nd3 Ned5 31. exd5 Nxd5 32. Qe1 Nxc3 33. Qxc3 Qg5 34. Kh2 h4 35. gxh4 Qxh4 36. Nc5 Qf4+ 37. Kh1 Bc6 38. Nxa4 Bxf3+ 39. Bg2 Bxg2+ 40. Kxg2 Qe4+ 41. Qf3 Qc2+ 42. Kg3 f4+ 43. Qxf4 Qxb1 44. Nc5 Qg1+ 45. Kh4 Rf8 46. Qe3 Qxe3 47. Nxe3 Rf4+ 48. Ng4 Rxd4 49. Nxe6 Rc4 50. Kg5 Rc3 51. h4 Kf7 52. Kf5 g6+ 53. Ke5 Rxa3 54. Nh6+ Ke7 55. Nxc7 Rh3 56. Nd5+ Kf8 57. Nf4 Rxh4 58. Nxg6+ Kg7 59. Nf5+ 1/2-1/2

[Event "Saint John op-1"]
[Site "Saint John CAN"]
[Date "1988.??.??"]
[Round "?"]
[White "Eingorn, Vereslav"]
[Black "Levitt, Jonathan"]
[Result "1-0"]
[WhiteElo "2570"]
[BlackElo "2440"]
[PlyCount "91"]
[GameId "2160767912587109"]
[EventDate "1988.01.24"]
[EventType "swiss"]
[EventRounds "9"]
[EventCountry "CAN"]
[SourceTitle "CBM 006"]
[Source "ChessBase"]
[SourceDate "2004.01.01"]
[SourceVersion "1"]
[SourceVersionDate "2004.01.01"]
[SourceQuality "1"]

1. Nf3 Nf6 2. c4 b6 3. g3 Bb7 4. d4 e6 5. Bg2 Be7 6. Nc3 O-O 7. Qc2 c5 8. d5 exd5 9. Ng5 Nc6 10. Nxd5 g6 11. Qd2 Rb8 12. h4 Ne5 13. b3 Nxd5 14. Bxd5 Bf6 15. Bxb7 Rxb7 16. Bb2 b5 17. Rc1 bxc4 18. Bxe5 Bxe5 19. Rxc4 d5 20. Ra4 c4 21. O-O cxb3 22. axb3 Rxb3 23. Nf3 Bb8 24. h5 Qb6 25. hxg6 hxg6 26. Kg2 Rd8 27. Rh4 Qf6 28. Rfh1 Be5 29. Rh7 Rxf3 30. exf3 Bc3 31. Qd3 a5 32. R7h4 d4 33. Qc4 d3 34. Rf4 Qg7 35. Rxf7 Qxf7 36. Qxc3 Qg7 37. Qxa5 Qf6 38. Qa2+ Kg7 39. Qd2 Qd4 40. Rh4 Qf6 41. Qh6+ Kg8 42. Qh7+ Kf8 43. Qc7 Qxh4 44. gxh4 Rd5 45. Kf1 d2 46. Qc8+ 1-0

[Event "Saint John op-1"]
[Site "Saint John CAN"]
[Date "1988.??.??"]
[Round "?"]
[White "Eingorn, Vereslav"]
[Black "Rodriguez, Daniel Mauricio"]
[Result "1-0"]
[WhiteElo "2570"]
[BlackElo "2465"]
[PlyCount "103"]
[GameId "2160767912587110"]
[EventDate "1988.01.24"]
[EventType "swiss"]
[EventRounds "9"]
[EventCountry "CAN"]
[SourceTitle "CBM 006"]
[Source "ChessBase"]
[SourceDate "2004.01.01"]
[SourceVersion "1"]
[SourceVersionDate "2004.01.01"]
[SourceQuality "1"]

1. Nf3 f5 2. g3 Nf6 3. Bg2 e6 4. O-O d5 5. c4 c6 6. b3 Be7 7. Bb2 O-O 8. Qc2 Bd7 9. e3 Kh8 10. Nc3 Na6 11. Ne2 Rc8 12. Nf4 Ne8 13. Rac1 Bf6 14. Be5 Qe7 15. c5 g5 16. Nd3 Rg8 17. Qb2 Nac7 18. b4 h6 19. Nd4 Qg7 20. f4 a6 21. a4 Kh7 22. Kf2 Bxe5 23. Nxe5 Nf6 24. d3 Rcf8 25. Kg1 Be8 26. Rce1 Nd7 27. Nxd7 Bxd7 28. Rf2 g4 29. Nb3 Qxb2 30. Rxb2 Kg6 31. e4 Kf6 32. Kf2 h5 33. Rbe2 Re8 34. Na5 Bc8 35. exf5 exf5 36. Rxe8 Rxe8 37. Rxe8 Nxe8 38. b5 axb5 39. axb5 Nc7 40. bxc6 bxc6 41. Nxc6 Bd7 42. Nb4 Ke6 43. Ke3 Ba4 44. Bf1 Bb3 45. d4 Ne8 46. Ba6 Nc7 47. Bc8+ Kf6 48. Bd7 Bd1 49. Kd2 Bb3 50. Nc2 Ba2 51. Kc3 Bb1 52. Kb2 1-0

[Event "Saint John op-1"]
[Site "Saint John CAN"]
[Date "1988.??.??"]
[Round "?"]
[White "Eingorn, Vereslav"]
[Black "Torre, Eugenio"]
[Result "1/2-1/2"]
[WhiteElo "2570"]
[BlackElo "2545"]
[PlyCount "113"]
[GameId "2160767912587112"]
[EventDate "1988.01.24"]
[EventType "swiss"]
[EventRounds "9"]
[EventCountry "CAN"]
[SourceTitle "CBM 006"]
[Source "ChessBase"]
[SourceDate "2004.01.01"]
[SourceVersion "1"]
[SourceVersionDate "2004.01.01"]
[SourceQuality "1"]

1. d4 c5 2. d5 d6 3. e4 Nf6 4. Nc3 g6 5. Nf3 Bg7 6. Bb5+ Nbd7 7. a4 O-O 8. O-O a6 9. Be2 Ne8 10. Bf4 Nc7 11. Qd2 Re8 12. Bh6 Bh8 13. Ng5 f6 14. Nf3 Nf8 15. h4 Bg7 16. a5 Bg4 17. Na4 Nd7 18. Bxg7 Kxg7 19. Nd4 Bxe2 20. Nxe2 Rb8 21. Nf4 b5 22. axb6 Nxb6 23. b3 Qd7 24. Rfe1 Nxa4 25. Rxa4 Rb6 26. Re3 Reb8 27. Rg3 Qe8 28. Rc4 Rb4 29. Rxb4 Rxb4 30. Re3 Qd7 31. h5 g5 32. Ne2 Qg4 33. Ng3 Kf8 34. Re1 Qf4 35. Qd3 Qe5 36. Qe2 Qf4 37. Ra1 Rd4 38. Rd1 Rxd1+ 39. Qxd1 Ke8 40. c4 Kd8 41. Qd3 Qe5 42. Qf3 a5 43. h6 Ke8 44. Qd1 Kf7 45. Qe1 Ne8 46. Qxa5 Qb2 47. Qa4 Qc1+ 48. Nf1 Qf4 49. Qd7 Qxe4 50. Ne3 Kf8 51. g3 Qb1+ 52. Kh2 Qe4 53. Qf5 Qxf5 54. Nxf5 Kf7 55. Kh3 Nc7 56. Kg4 Na6 57. Kf3 1/2-1/2

[Event "Saint John op-1"]
[Site "Saint John CAN"]
[Date "1988.??.??"]
[Round "?"]
[White "Ermenkov, Evgenij"]
[Black "Eingorn, Vereslav"]
[Result "0-1"]
[WhiteElo "2480"]
[BlackElo "2570"]
[PlyCount "131"]
[GameId "2160767912587113"]
[EventDate "1988.01.24"]
[EventType "swiss"]
[EventRounds "9"]
[EventCountry "CAN"]
[SourceTitle "CBM 006"]
[Source "ChessBase"]
[SourceDate "2004.01.01"]
[SourceVersion "1"]
[SourceVersionDate "2004.01.01"]
[SourceQuality "1"]

1. e4 e6 2. d4 d5 3. Nd2 c5 4. Ngf3 cxd4 5. exd5 Qxd5 6. Bc4 Qd6 7. O-O Nf6 8. Nb3 Nc6 9. Nbxd4 Nxd4 10. Qxd4 Qxd4 11. Nxd4 Bd7 12. Bf4 Rc8 13. Bb3 Bc5 14. Rad1 O-O 15. Rfe1 Rfd8 16. c3 Be8 17. Nc2 a5 18. a3 Bc6 19. Be3 Bxe3 20. Nxe3 a4 21. Bc2 Kf8 22. f3 Rxd1 23. Rxd1 Nd7 24. Kf2 Ke7 25. h4 h6 26. Rd4 Ra8 27. Nc4 g6 28. Rd1 Ra6 29. Rd2 Nc5 30. Ne5 Rb6 31. Nd3 Nxd3+ 32. Bxd3 g5 33. hxg5 hxg5 34. Ke3 Bb5 35. Bc2 f5 36. g3 Kf6 37. Rd4 Bc6 38. Rb4 Ra6 39. Bd3 Ra5 40. Bc2 e5 41. g4 f4+ 42. Ke2 Ke6 43. Be4 Bxe4 44. fxe4 b5 45. Kd3 Kd6 46. c4 Kc5 47. cxb5 Rxb5 48. Rc4+ Kb6 49. Rxa4 Rxb2 50. Ra8 Kc5 51. Rd8 Rb3+ 52. Kd2 Kc4 53. a4 Rg3 54. Rd5 Rxg4 55. Ke2 Rg2+ 56. Kf3 Rg3+ 57. Kf2 g4 58. Rxe5 Kd4 59. Rb5 Rf3+ 60. Kg2 Ra3 61. e5 Ra2+ 62. Kf1 g3 63. e6 f3 64. Rb1 Rh2 65. Rd1+ Kc3 66. Rc1+ 0-1

[Event "Saint John op-1"]
[Site "Saint John CAN"]
[Date "1988.??.??"]
[Round "?"]
[White "Ermenkov, Evgenij"]
[Black "Rodriguez, Daniel Mauricio"]
[Result "1-0"]
[WhiteElo "2480"]
[BlackElo "2465"]
[PlyCount "121"]
[GameId "2160767912587115"]
[EventDate "1988.01.24"]
[EventType "swiss"]
[EventRounds "9"]
[EventCountry "CAN"]
[SourceTitle "CBM 006"]
[Source "ChessBase"]
[SourceDate "2004.01.01"]
[SourceVersion "1"]
[SourceVersionDate "2004.01.01"]
[SourceQuality "1"]

1. e4 e5 2. Bc4 Nf6 3. d3 c6 4. Nf3 Qc7 5. O-O Be7 6. Re1 O-O 7. Bb3 d6 8. c3 h6 9. Nbd2 Nbd7 10. d4 Re8 11. Nf1 Bf8 12. Ng3 g6 13. h3 Bg7 14. a4 Nf8 15. a5 Bd7 16. dxe5 dxe5 17. Be3 b6 18. Qb1 Be6 19. Qa2 Rab8 20. Nd2 Red8 21. Red1 N6d7 22. f3 Nc5 23. Bxc5 bxc5 24. Bxe6 Nxe6 25. Nc4 Bf6 26. Qa4 Nf4 27. Rxd8+ Rxd8 28. Rd1 Kg7 29. Nf1 h5 30. h4 Ne2+ 31. Kf2 Nf4 32. g3 Ne6 33. Nfe3 Be7 34. Ke2 Bf6 35. Rxd8 Bxd8 36. Qb3 Be7 37. Nd1 Nd8 38. Nf2 f6 39. Nd3 Qc8 40. Qd1 Qa6 41. b3 Qb5 42. f4 Nf7 43. fxe5 fxe5 44. Kd2 Nd6 45. Ndxe5 Nxe4+ 46. Kc2 Qb8 47. Qd3 Qf8 48. Qxe4 Qf2+ 49. Nd2 Qxg3 50. Nef3 Bf6 51. a6 Qf2 52. Qxc6 Qe3 53. Qd7+ Kh6 54. Qd3 Qe7 55. Qe4 Qc7 56. Qe3+ Kg7 57. Ne4 Qa5 58. Nxf6 Qa2+ 59. Kd3 Qxa6+ 60. c4 Qxf6 61. Qe5 1-0

[Event "Saint John op-1"]
[Site "Saint John CAN"]
[Date "1988.??.??"]
[Round "?"]
[White "Ermenkov, Evgenij"]
[Black "Torre, Eugenio"]
[Result "1/2-1/2"]
[WhiteElo "2480"]
[BlackElo "2545"]
[PlyCount "27"]
[GameId "2160767912587116"]
[EventDate "1988.01.24"]
[EventType "swiss"]
[EventRounds "9"]
[EventCountry "CAN"]
[SourceTitle "CBM 06"]

1. e4 e5 2. Nf3 Nc6 3. Bb5 a6 4. Ba4 Nf6 5. O-O Nxe4 6. d4 b5 7. Bb3 d5 8. dxe5 Be6 9. c3 Nc5 10. Bc2 Bg4 11. Re1 Be7 12. Nbd2 Bh5 13. Nf1 O-O 14. Ng3 1/2-1/2

[Event "Saint John op-1"]
[Site "Saint John CAN"]
[Date "1988.??.??"]
[Round "?"]
[White "Finegold, Gina Lynne"]
[Black "Karason, Askell"]
[Result "0-1"]
[WhiteElo "2060"]
[BlackElo "2235"]
[PlyCount "106"]
[GameId "2160767912587122"]
[EventDate "1988.01.24"]
[EventType "swiss"]
[EventRounds "9"]
[EventCountry "CAN"]
[SourceTitle "CBM 006"]
[Source "ChessBase"]
[SourceDate "2004.01.01"]
[SourceVersion "1"]
[SourceVersionDate "2004.01.01"]
[SourceQuality "1"]

1. d4 Nf6 2. c4 e6 3. Nf3 Bb4+ 4. Bd2 Qe7 5. g3 Nc6 6. Bg2 Bxd2+ 7. Qxd2 Ne4 8. Qc2 Qb4+ 9. Kf1 d5 10. b3 O-O 11. a3 Qe7 12. Nc3 Nxc3 13. Qxc3 a5 14. Ne5 Nxe5 15. dxe5 Qc5 16. e3 b5 17. Qd4 Qxd4 18. exd4 bxc4 19. bxc4 Ba6 20. Ke1 Bxc4 21. Bf1 c5 22. Bxc4 dxc4 23. dxc5 Rac8 24. f4 Rxc5 25. Ke2 f6 26. exf6 Rxf6 27. Rhf1 e5 28. f5 Rb6 29. Ke3 Kf7 30. Rf2 Kf6 31. Ke4 c3 32. Rc2 Rb2 33. Rac1 Rb3 34. a4 Rb4+ 35. Kf3 Kxf5 36. Rxc3 Rxc3+ 37. Rxc3 Rxa4 38. Rc7 Ra3+ 39. Kf2 Ra2+ 40. Kg1 g5 41. Rxh7 a4 42. Rf7+ Kg4 43. Re7 a3 44. Ra7 e4 45. Kf1 Kf3 46. Rf7+ Ke3 47. Ra7 g4 48. Ra8 Ra1+ 49. Kg2 a2 50. Ra7 Ke2 51. Ra6 e3 52. Ra8 Kd1 53. Rd8+ Ke1 0-1

[Event "Saint John op-1"]
[Site "Saint John CAN"]
[Date "1988.??.??"]
[Round "?"]
[White "Fishbein, Alexander"]
[Black "Foisor, Ovidiu"]
[Result "0-1"]
[WhiteElo "2435"]
[BlackElo "2495"]
[PlyCount "98"]
[GameId "2160767912587125"]
[EventDate "1988.01.24"]
[EventType "swiss"]
[EventRounds "9"]
[EventCountry "CAN"]
[SourceTitle "CBM 006"]
[Source "ChessBase"]
[SourceDate "2004.01.01"]
[SourceVersion "1"]
[SourceVersionDate "2004.01.01"]
[SourceQuality "1"]

1. e4 e6 2. d4 d5 3. e5 c5 4. c3 Bd7 5. Nf3 Nc6 6. dxc5 Bxc5 7. Bd3 Qc7 8. Qe2 Nge7 9. Bf4 a6 10. O-O f5 11. Nbd2 O-O 12. Nb3 Ba7 13. Nbd4 Ng6 14. Bg3 f4 15. Ng5 Qxe5 16. Qh5 h6 17. Ndf3 Qf6 18. Nh7 Kxh7 19. Bh4 Qf5 20. Bxf5 Rxf5 21. Ng5+ Rxg5 22. Bxg5 Rf8 23. Bxh6 gxh6 24. Qd1 Nce5 25. a4 Rf5 26. Qc2 Kg7 27. Kh1 f3 28. g3 Ng4 29. Rae1 Rh5 30. h4 N6e5 31. b3 Rf5 32. c4 dxc4 33. bxc4 Bc6 34. c5 Kf7 35. Rd1 Nd7 36. Rxd7+ Bxd7 37. Qe4 Nxf2+ 38. Rxf2 Bc6 39. Qc2 Bxc5 40. Kh2 Bxf2 41. Qxf2 h5 42. g4 hxg4 43. Kg3 Bxa4 44. Kxg4 Bc6 45. h5 a5 46. h6 Kg6 47. Qh4 f2 48. Qe7 Rf4+ 49. Kg3 f1=Q 0-1

[Event "Saint John op-1"]
[Site "Saint John CAN"]
[Date "1988.??.??"]
[Round "?"]
[White "Fishbein, Alexander"]
[Black "Karason, Askell"]
[Result "1-0"]
[WhiteElo "2435"]
[BlackElo "2235"]
[PlyCount "79"]
[GameId "2160767912587127"]
[EventDate "1988.01.24"]
[EventType "swiss"]
[EventRounds "9"]
[EventCountry "CAN"]
[SourceTitle "CBM 006"]
[Source "ChessBase"]
[SourceDate "2004.01.01"]
[SourceVersion "1"]
[SourceVersionDate "2004.01.01"]
[SourceQuality "1"]

1. e4 c5 2. Nf3 d6 3. d4 cxd4 4. Nxd4 Nf6 5. Nc3 g6 6. Be2 Bg7 7. O-O O-O 8. Nb3 Nc6 9. Bg5 a6 10. a4 Be6 11. f4 Rc8 12. Kh1 Nb4 13. f5 Bc4 14. a5 Bxb3 15. cxb3 Rc5 16. Ra4 Nc6 17. b4 Rxc3 18. Bxf6 Re3 19. Bxg7 Kxg7 20. b5 Ne5 21. bxa6 bxa6 22. Bxa6 Qb8 23. Qd2 Rb3 24. Ra2 Qa8 25. f6+ exf6 26. Qxd6 Qxe4 27. Qxf6+ Kg8 28. Qf4 Qd5 29. Be2 Nd3 30. Bxd3 Rxd3 31. Raa1 Ra8 32. a6 Rd4 33. Qf6 Ra7 34. Rfe1 Qd8 35. Re8+ Qxe8 36. Qxd4 Rd7 37. Qf2 Qa8 38. a7 h5 39. h3 Rd8 40. Qf3 1-0

[Event "Saint John op-1"]
[Site "Saint John CAN"]
[Date "1988.??.??"]
[Round "?"]
[White "Foisor, Ovidiu"]
[Black "Lalic, Bogdan"]
[Result "1/2-1/2"]
[WhiteElo "2495"]
[BlackElo "2495"]
[PlyCount "82"]
[GameId "2160767912587129"]
[EventDate "1988.01.24"]
[EventType "swiss"]
[EventRounds "9"]
[EventCountry "CAN"]
[SourceTitle "CBM 006"]
[Source "ChessBase"]
[SourceDate "2004.01.01"]
[SourceVersion "1"]
[SourceVersionDate "2004.01.01"]
[SourceQuality "1"]

1. d4 Nf6 2. c4 g6 3. Nc3 d5 4. Nf3 Bg7 5. Bg5 Ne4 6. cxd5 Nxg5 7. Nxg5 c6 8. dxc6 Nxc6 9. e3 e5 10. d5 Qxg5 11. dxc6 O-O 12. h4 Qd8 13. Qxd8 Rxd8 14. h5 bxc6 15. hxg6 hxg6 16. Bc4 Rb8 17. b3 e4 18. Rc1 Bf5 19. Be2 Rd6 20. g4 Bxc3+ 21. Rxc3 Be6 22. Rc2 a5 23. Rd2 Rxd2 24. Kxd2 a4 25. Kc3 axb3 26. Rb1 Kg7 27. axb3 Kf6 28. b4 Kg5 29. f4+ exf3 30. Bxf3 Bd5 31. Bxd5 cxd5 32. b5 Kxg4 33. b6 Kf3 34. Kd4 g5 35. b7 f5 36. Rb3 Kf2 37. Ke5 g4 38. Kf4 Ke2 39. Kg3 Kd2 40. Kf4 Ke2 41. Kg3 Kd2 1/2-1/2

[Event "Saint John op-1"]
[Site "Saint John CAN"]
[Date "1988.??.??"]
[Round "?"]
[White "Foisor, Ovidiu"]
[Black "Saidy, Anthony"]
[Result "1-0"]
[WhiteElo "2495"]
[BlackElo "2415"]
[PlyCount "89"]
[GameId "2160767912587130"]
[EventDate "1988.01.24"]
[EventType "swiss"]
[EventRounds "9"]
[EventCountry "CAN"]
[SourceTitle "CBM 006"]
[Source "ChessBase"]
[SourceDate "2004.01.01"]
[SourceVersion "1"]
[SourceVersionDate "2004.01.01"]
[SourceQuality "1"]

1. d4 Nf6 2. c4 e6 3. Nc3 Bb4 4. Qc2 d5 5. e3 O-O 6. Nf3 Nbd7 7. a3 Bxc3+ 8. bxc3 c5 9. cxd5 exd5 10. Bb2 c4 11. Be2 Re8 12. a4 Ne4 13. Ba3 Nf8 14. Bxf8 Kxf8 15. a5 Qc7 16. Qb2 Bg4 17. Nd2 Bxe2 18. Nxe4 Rxe4 19. Qxe2 Rd8 20. O-O Re7 21. Qh5 Kg8 22. Rfb1 g6 23. Qh6 Qc6 24. Rb2 Rb8 25. Qf4 Ree8 26. h4 h5 27. Rb4 Kg7 28. f3 f5 29. Rab1 b5 30. axb6 Rxb6 31. Ra1 Rxb4 32. cxb4 Re7 33. Ra5 Qe6 34. Kf2 a6 35. Rc5 Rd7 36. Kg3 Re7 37. Kf2 Rd7 38. Qe5+ Kf7 39. Qh8 Re7 40. Qh6 Qd7 41. Qh7+ Kf6 42. Qh8+ Kf7 43. Rc8 Ke6 44. Rg8 Qa4 45. Qe5+ 1-0

[Event "Saint John op-1"]
[Site "Saint John CAN"]
[Date "1988.??.??"]
[Round "?"]
[White "Foisor, Ovidiu"]
[Black "Tolnai, Tibor"]
[Result "1-0"]
[WhiteElo "2495"]
[BlackElo "2465"]
[PlyCount "63"]
[GameId "2160767912587131"]
[EventDate "1988.01.24"]
[EventType "swiss"]
[EventRounds "9"]
[EventCountry "CAN"]
[SourceTitle "CBM 006"]
[Source "ChessBase"]
[SourceDate "2004.01.01"]
[SourceVersion "1"]
[SourceVersionDate "2004.01.01"]
[SourceQuality "1"]

1. d4 Nf6 2. Nf3 e6 3. c4 c5 4. d5 exd5 5. cxd5 d6 6. e4 g6 7. h3 Bg7 8. Bd3 O-O 9. O-O b5 10. Re1 c4 11. Bc2 Bb7 12. Nc3 b4 13. Na4 Nbd7 14. Bd2 a5 15. Be3 Re8 16. Bd4 Ba6 17. Qd2 Bb5 18. a3 Bxa4 19. Bxa4 Rxe4 20. axb4 axb4 21. Qxb4 Nc5 22. Bc2 Nxd5 23. Bxe4 Rxa1 24. Bxd5 Rxe1+ 25. Qxe1 Bxd4 26. Nxd4 Nd3 27. Qd2 Qc7 28. Qc3 Qa7 29. Bxc4 Qa1+ 30. Kh2 Nxb2 31. Bd5 Qb1 32. Qf3 1-0

[Event "Saint John op-1"]
[Site "Saint John CAN"]
[Date "1988.??.??"]
[Round "?"]
[White "Fong, Juan"]
[Black "Andonov, Bogomil"]
[Result "0-1"]
[WhiteElo "2220"]
[BlackElo "2420"]
[PlyCount "76"]
[GameId "2160767912587132"]
[EventDate "1988.01.24"]
[EventType "swiss"]
[EventRounds "9"]
[EventCountry "CAN"]
[SourceTitle "CBM 006"]
[Source "ChessBase"]
[SourceDate "2004.01.01"]
[SourceVersion "1"]
[SourceVersionDate "2004.01.01"]
[SourceQuality "1"]

1. e4 c5 2. Nf3 Nc6 3. Bb5 Nf6 4. Nc3 g6 5. O-O Bg7 6. Re1 O-O 7. d4 cxd4 8. Nxd4 Nxd4 9. Qxd4 d6 10. Bg5 Be6 11. Qd2 Nd7 12. Nd5 Re8 13. c4 a6 14. Ba4 b5 15. cxb5 Nc5 16. Bd1 axb5 17. Bh6 Bh8 18. h4 Ra7 19. h5 Qa8 20. hxg6 hxg6 21. a3 Nxe4 22. Rxe4 Qxd5 23. Rb4 Qxd2 24. Bxd2 Bc4 25. Bc3 Bxc3 26. bxc3 Rea8 27. a4 d5 28. f4 Kf8 29. Kf2 Ke8 30. Ke3 Kd7 31. Kd4 Kd6 32. Bc2 g5 33. fxg5 e5+ 34. Ke3 Kc5 35. Kd2 Rg8 36. g6 e4 37. gxf7 Rxg2+ 38. Kc1 Rxf7 0-1

[Event "Saint John op-1"]
[Site "Saint John CAN"]
[Date "1988.??.??"]
[Round "?"]
[White "Fong, Juan"]
[Black "Finegold, Gina Lynne"]
[Result "1-0"]
[WhiteElo "2220"]
[BlackElo "2060"]
[PlyCount "89"]
[GameId "2160767912587133"]
[EventDate "1988.01.24"]
[EventType "swiss"]
[EventRounds "9"]
[EventCountry "CAN"]
[SourceTitle "CBM 006"]
[Source "ChessBase"]
[SourceDate "2004.01.01"]
[SourceVersion "1"]
[SourceVersionDate "2004.01.01"]
[SourceQuality "1"]

1. e4 c6 2. d4 d5 3. Nc3 dxe4 4. Nxe4 Nd7 5. Nf3 Ngf6 6. Ng3 e6 7. Be2 c5 8. O-O b6 9. b3 Bb7 10. Bb2 Be7 11. dxc5 Bxc5 12. a3 a5 13. Qd2 Qe7 14. c3 Rd8 15. b4 Ne5 16. Qg5 Bxf3 17. gxf3 Bd6 18. Qxg7 Rg8 19. Qh6 Rg6 20. Qh4 Qb7 21. c4 Nxf3+ 22. Bxf3 Qxf3 23. Bxf6 Qxf6 24. Qxf6 Rxf6 25. Ne4 Rg6+ 26. Kh1 Be5 27. Rad1 Rxd1 28. Rxd1 Rh6 29. Nd6+ Kf8 30. Nc8 Bxh2 31. Kg2 e5 32. Rh1 Bf4 33. Rxh6 Bxh6 34. Nxb6 axb4 35. axb4 Ke7 36. c5 Kd8 37. b5 Bf8 38. c6 Kc7 39. Nd5+ Kb8 40. Nf6 Bd6 41. Kf3 Ka7 42. Ke4 Kb6 43. Kd5 Bc7 44. Kc4 h6 45. Nd5+ 1-0

[Event "Saint John op-1"]
[Site "Saint John CAN"]
[Date "1988.??.??"]
[Round "?"]
[White "Fong, Juan"]
[Black "Karason, Askell"]
[Result "0-1"]
[WhiteElo "2220"]
[BlackElo "2235"]
[PlyCount "120"]
[GameId "2160767912587134"]
[EventDate "1988.01.24"]
[EventType "swiss"]
[EventRounds "9"]
[EventCountry "CAN"]
[SourceTitle "CBM 006"]
[Source "ChessBase"]
[SourceDate "2004.01.01"]
[SourceVersion "1"]
[SourceVersionDate "2004.01.01"]
[SourceQuality "1"]

1. e4 c5 2. Nf3 d6 3. c3 Nf6 4. Be2 Bg4 5. O-O e6 6. Re1 Nc6 7. d4 cxd4 8. cxd4 d5 9. e5 Nd7 10. b3 Bb4 11. Rf1 Qb6 12. Be3 Rc8 13. a3 Be7 14. Nc3 Na5 15. b4 Nc4 16. Na4 Qd8 17. Nc5 b6 18. Nd3 O-O 19. Nfe1 Bf5 20. Bg4 Be4 21. Bh3 a5 22. Bd2 Ra8 23. f3 Bg6 24. f4 axb4 25. Nxb4 Bxb4 26. Bxb4 Ne3 27. Qe2 Nxf1 28. Qxf1 Re8 29. f5 exf5 30. Nd3 Nf8 31. Nf4 Ne6 32. Bd6 Qg5 33. Nxd5 Ra5 34. Nxb6 Nf4 35. Qf3 Bh5 36. Qc6 Nxh3+ 37. Kh1 f6 38. gxh3 Qe3 39. Rf1 Qxd4 40. Qc4+ Qxc4 41. Nxc4 Ra4 42. Nb6 Ra7 43. exf6 Re6 44. Nc8 Ra8 45. Ne7+ Kf7 46. fxg7 Rxd6 47. g8=Q+ Rxg8 48. Nxg8 Kxg8 49. Rxf5 Bg6 50. Rg5 Kf7 51. Rg3 Rd2 52. Rf3+ Ke6 53. Kg1 Ra2 54. Re3+ Kd5 55. Rc3 Be4 56. Rb3 Rg2+ 57. Kf1 Rxh2 58. Ke1 Kd4 59. Kf1 Bd3+ 60. Kg1 Rxh3 0-1

[Event "Saint John op-1"]
[Site "Saint John CAN"]
[Date "1988.??.??"]
[Round "?"]
[White "Garcia, Gildardo"]
[Black "Chernin, Alexander"]
[Result "1-0"]
[WhiteElo "2430"]
[BlackElo "2560"]
[PlyCount "167"]
[GameId "2160767912587137"]
[EventDate "1988.01.24"]
[EventType "swiss"]
[EventRounds "9"]
[EventCountry "CAN"]
[SourceTitle "CBM 06"]

1. e4 g6 2. d4 Bg7 3. Nf3 d6 4. Bc4 c6 5. O-O d5 6. Bb3 dxe4 7. Ng5 Nh6 8. Nxe4 O-O 9. c3 Bg4 10. Qd3 Nd7 11. Re1 Bf5 12. Qe2 Bxe4 13. Qxe4 Nf5 14. Bg5 Nf6 15. Qf3 Qa5 16. Na3 Nxd4 17. cxd4 Qxg5 18. Rxe7 Rab8 19. Rd1 Nd5 20. Rd7 Nf6 21. Rc7 Qa5 22. Re7 Qd8 23. Ree1 Qc7 24. Nc4 Nd5 25. Ne5 Rbd8 26. Qg3 Qb6 27. h4 Nf6 28. Qf3 Qc7 29. g3 Rd6 30. Kg2 Qd8 31. h5 Nd5 32. Re4 Qf6 33. Qe2 Rfd8 34. Ng4 Qg5 35. f4 Qxh5 36. Rh1 Qxg4 37. Qxg4 f5 38. Qh4 fxe4 39. f5 h6 40. Qxe4 gxf5 41. Qxf5 Kh8 42. Re1 Rf8 43. Qe4 Nf6 44. Qf4 Rd7 45. Be6 Re7 46. Qd6 Rfe8 47. Re5 Nh7 48. Bd7 Rxe5 49. dxe5 Rxe5 50. Be6 Re2+ 51. Kf1 Rxb2 52. Bc4 Rb1+ 53. Ke2 Rb2+ 54. Ke3 Rb1 55. Qe6 Re1+ 56. Be2 Nf8 57. Qf7 b5 58. Kd2 Rb1 59. Bd1 c5 60. Bf3 Rb2+ 61. Ke1 Rb1+ 62. Ke2 Rb2+ 63. Ke3 Nh7 64. Qe8+ Nf8 65. Bd5 Bd4+ 66. Kd3 Rf2 67. Qxb5 Ng6 68. Qb8+ Kg7 69. Qxa7+ Kf6 70. Qb6+ Kg5 71. Qd8+ Rf6 72. a4 Kg4 73. Qg8 Kh3 74. a5 Ne7 75. Be6+ Kh2 76. Qg4 Nc6 77. Qh3+ Kg1 78. Bf5 Ne5+ 79. Ke2 Ng6 80. Qf1+ Kh2 81. Qf3 Ne5 82. Qf4 Nd7 83. g4+ Kg2 84. Qf3+ 1-0